Partnering: an innovative and effective project organization concept (Record no. 67146)

MARC details
000 -LEADER
fixed length control field 01280cam a2200241 4500
001 - CONTROL NUMBER
control field ABS63952
008 - FIXED-LENGTH DATA ELEMENTS--GENERAL INFORMATION
fixed length control field 000000n2001 000 0 eng u
035 ## - SYSTEM CONTROL NUMBER
System control number (Sirsi) u112775
100 ## - MAIN ENTRY--PERSONAL NAME
Personal name Bubshait, A
245 ## - TITLE STATEMENT
Title Partnering: an innovative and effective project organization concept
260 ## - PUBLICATION, DISTRIBUTION, ETC.
Date of publication, distribution, etc. 2001
490 ## - SERIES STATEMENT
Series statement Cost Engineering
Volume/sequential designation 43(4) April 2001, 32-37(6)
520 ## - SUMMARY, ETC.
Summary, etc. Partnering is an increasingly popular management tool, offering the construction industry a way of reducing cost and minimizing conflict. Article discusses the concept of partnering from several view points. Provides definitions of partnering, explains the need for partnering, and outlines the key elements required for partnering to succeed. Highlights the main benefits of partnering as effective project control, cost effectiveness and improved public relations. Explains how partnering enables total quality management and includes survey results comparing the performance of partnered and non-partnered projects. References.
590 ## - LOCAL NOTE (RLIN)
Local note ABS
650 ## - SUBJECT ADDED ENTRY--TOPICAL TERM
Topical term or geographic name entry element PARTNERING
650 ## - SUBJECT ADDED ENTRY--TOPICAL TERM
Topical term or geographic name entry element TOTAL QUALITY MANAGEMENT
650 ## - SUBJECT ADDED ENTRY--TOPICAL TERM
Topical term or geographic name entry element CONSTRUCTION INDUSTRY
650 ## - SUBJECT ADDED ENTRY--TOPICAL TERM
Topical term or geographic name entry element COST CONTROL
650 ## - SUBJECT ADDED ENTRY--TOPICAL TERM
Topical term or geographic name entry element PUBLIC RELATIONS
650 ## - SUBJECT ADDED ENTRY--TOPICAL TERM
Topical term or geographic name entry element PROJECT CONTROL
690 ## - LOCAL SUBJECT ADDED ENTRY--TOPICAL TERM (OCLC, RLIN)
Topical term or geographic name as entry element Procurement
9 (RLIN) 6260
942 ## - ADDED ENTRY ELEMENTS (KOHA)
Suppress in OPAC 0
Holdings
Withdrawn status Lost status Source of classification or shelving scheme Damaged status Not for loan Home library Current library Shelving location Date acquired Total Checkouts Full call number Barcode Date last seen Copy number Price effective from Koha item type
    Dewey Decimal Classification     London London Journal article 25/05/2001   ABS63952 112775-1001 06/08/2019 1 06/08/2019 Journal article